000 00668nam a22002057a 4500
999 _c167370
_d167370
005 20190829154459.0
010 _aENG-126364
020 _c995.00
_a978-93-8854-839-7
035 _aEN-109896
037 _bDBAD/PUB
082 _a345
100 _aPillai's P S A
245 _aCriminal Law/
_c by P S A Pillai's
250 _aEdition-14th
260 _bPublished By LexisNexis
_c2019
_aGurgaon
270 _a14th Floor,Bulding No.10, Tower-B,DLF Cyber City, Phase-ll,
_bGurgaon
_e122002
_k011-1244774444
_mhelp.in@lexisnexis.com
_l011-1244774100
300 _axlix1133p.
_c24cm(pbk)
700 _aEd. by Vibhute,K I
942 _2ddc
_cEN
_h345
_mCRI